01066nac a22002651u 4500008004100000010001600041020001600057020001500073020001800088020001800106082001900124100004100143245007100184260004700255300002700302490004600329504005300375505011200428650003300540650003700573650003300610942002600643999001500669952011600684100923t xxu||||| |||| 00| 0 eng d a 90010034 a0387975950  a0387975977 a9780387975979 a978354097597700a686.22544bBEC aBechtolsheim, Stephan 91989010aTEX in Practice.V.3, Tokens, Macros /cStephan von Bechtolsheim. aNew York :bSpringer-Verlag,c1993.cc1993. a4 v. :bill. ;c24 cm. 919889aMonographs in Visual Communication aIncludes bibliographical references and indexes.0 av. 1. Basics -- v. 2. Paragraphs, math, and fonts -- v. 3. Tokens, macros -- v. 4. Output routines, tables. 0aTeX (Computer system)919891 0aComputerized typesetting.919892 0aMathematics printing.919893 cBBk686.22544BEC2ddc c4568d4568 00102ddc40708 aMAINbMAINc1STd2011-09-07epurchasel0o686.22544 BECp000005714r2025-07-15 00:00:00yBB